| 000 | 00961cab a2200301 4500 | ||
|---|---|---|---|
| 001 | ABS58480 | ||
| 008 | 090401t1998 xxu||||| |||| 00| 0 eng d | ||
| 035 | _a(Sirsi) u84878 | ||
| 041 | _aeng | ||
| 245 | _aFocus `98 Special report Europe and MIPIM | ||
| 260 | _c1998 | ||
| 350 | _a0 | ||
| 490 |
_aEstates Gazette _v(9810) 7 March 1998, 129-147(7) |
||
| 520 | _aMIPIM conference programme including Jones Lang Wootton`s research paper "Wireless at work" looking at the impact of cordless office technology on occupiers` demands and European multiplexes are featured. | ||
| 650 | _aCORDLESS OFFICE TECHNOLOGY | ||
| 650 | _aCORDLESS OFFICE | ||
| 650 | _aEUROPE | ||
| 650 | _aFLEXIBLE WORKING | ||
| 650 | _aFUTURE | ||
| 650 | _aMIPIM EXHIBITION | ||
| 650 | _aMULTIPLEX CINEMAS | ||
| 650 | _aOCCUPIERS REQUIREMENTS | ||
| 650 | _aOFFICES | ||
| 650 | _aWORKPLACE MANAGEMENT | ||
| 690 | _aOVERSEAS-EUROPE | ||
| 942 | _n0 | ||
| 948 | _c13/03/1998 | ||
| 999 |
_c53380 _d53380 |
||